Lahore: a framework for urban conservation (Record no. 541242)
[ view plain ]
| 000 -LEADER | |
|---|---|
| fixed length control field | 00363nam a22001217a 4500 |
| 020 ## - INTERNATIONAL STANDARD BOOK NUMBER | |
| International Standard Book Number | 9783791369150 |
| 100 ## - MAIN ENTRY--PERSONAL NAME | |
| Personal name | Philip Jodidio (Editor) |
| 245 ## - TITLE STATEMENT | |
| Title | Lahore: a framework for urban conservation |
| Statement of responsibility, etc. | Philip Jodidio (Editor) |
| 260 ## - PUBLICATION, DISTRIBUTION, ETC. | |
| Place of publication, distribution, etc. | New York |
| Name of publisher, distributor, etc. | Prestel Verlag |
| Date of publication, distribution, etc. | 2019 |
| 300 ## - PHYSICAL DESCRIPTION | |
| Extent | 400p |
| 942 ## - ADDED ENTRY ELEMENTS (KOHA) | |
| Source of classification or shelving scheme | |
| Koha item type | Book |
| Withdrawn status | Lost status | Source of classification or shelving scheme | Damaged status | Not for loan | Permanent Location | Current Location | Date acquired | Source of acquisition | Total Checkouts | Full call number | Barcode | Date last seen | Date last checked out | Price effective from | Koha item type |
|---|---|---|---|---|---|---|---|---|---|---|---|---|---|---|---|
| Central Library (CL) | Central Library (CL) | 01/27/2021 | Donation | 1 | 954.9143 JOD | CL-D-1039 | 12/27/2023 | 11/15/2023 | 01/27/2021 | Book |
